书目信息 |
| 题名: |
西门子变频器与PLC综合应用入门
|
|
| 作者: | 万英 编著 | |
| 分册: | ||
| 出版信息: | 北京 中国电力出版社 2020.4 |
|
| 页数: | 173页 | |
| 开本: | 26cm | |
| 丛书名: | ||
| 单 册: | ||
| 中图分类: | TM773 , TM571.61 | |
| 科图分类: | ||
| 主题词: | 变频器--基本知识 , PLC技术--基本知识 | |
| 电子资源: | ||
| ISBN: | 978-7-5198-0025-3 | |
| 000 | 00938nam0 2200277 45 | |
| 001 | 012001000123 | |
| 005 | 20140910151639.0 | |
| 010 | @a978-7-5198-0025-3@dCNY35.00 | |
| 090 | @aTM77@bwy | |
| 096 | @aTM77@bwy | |
| 100 | @a20170329d2017 em y0chiy50 ea | |
| 101 | 0 | @achi |
| 102 | @aCN@b110000 | |
| 105 | @aa z 000yy | |
| 106 | @ar | |
| 200 | 1 | @a西门子变频器与PLC综合应用入门@Axi men zi bian pin qi yu PLC zong he ying yong ru men@f万英编著 |
| 210 | @a北京@c中国电力出版社@d2020.4 | |
| 215 | @a173页@c图@d26cm | |
| 330 | @a以西门子公司的MM440变频器与S7-200PLC为例,以现场应用为导向,循序渐进地介绍了变频器与PLC的使用方法和实际应用,全书内容结构完整、重点突出、条理清晰、趣味性强、插图直观、通俗易懂。 | |
| 606 | 0 | @a变频器@x基本知识 |
| 606 | 0 | @aPLC技术@x基本知识 |
| 690 | @aTM773@v5 | |
| 690 | @aTM571.61@v5 | |
| 701 | 0 | @a万英@Awan ying@4编著 |
| 801 | 0 | @aCN@bBJSDL@c20211011 |
| 905 | @b1330464-7@dTM773@e11@f4 | |
| 西门子变频器与PLC综合应用入门/万英编著.-北京:中国电力出版社,2020.4 |
| 173页:图;26cm |
| ISBN 978-7-5198-0025-3:CNY35.00 |
| 以西门子公司的MM440变频器与S7-200PLC为例,以现场应用为导向,循序渐进地介绍了变频器与PLC的使用方法和实际应用,全书内容结构完整、重点突出、条理清晰、趣味性强、插图直观、通俗易懂。 |
| ● |
| 相关链接 |
|
|
|
|
正题名:西门子变频器与PLC综合应用入门
索取号:TM773/11
 
预约/预借
| 序号 | 登录号 | 条形码 | 馆藏地/架位号 | 状态 | 备注 |
| 1 | 1330464 | 213304645 | 第二样本阅览室/ [索取号:TM773/11] | 在馆 | |
| 2 | 1330465 | 213304654 | 第三借阅区/ [索取号:TM773/11] | 在馆 | |
| 3 | 1330466 | 213304663 | 第三借阅区/ [索取号:TM773/11] | 在馆 | |
| 4 | 1330467 | 213304672 | 第三借阅区/ [索取号:TM773/11] | 在馆 |